000 00633nam a2200241 a 4500
001 nice12345678
003 IN_TiNIC
005 20260116012818.0
008 050524s1953 sina grp 000 0 eng
020 _a9971948
_c100
082 0 0 _a270.82
_bSCH
100 _aSchmidt, Wolfgang R
245 _aCatalysing Hope for Justice
_b Tribute to C. I. Itty
260 _aSingapore
_bChristian Conference of Asia
_c1953
300 _a209p
500 _aincludes index and biblioraphy
505 2 _aAppendix
650 _aEcumenicalism
700 1 _aSchmidt, Wolfgang R
902 _bSRS
942 _cBK
999 _c8478
_d8478